| 000 | 00481nam a2200193Ia 4500 | ||
|---|---|---|---|
| 003 | GCL | ||
| 008 | 140319s9999 xx 000 0 aRus d | ||
| 040 |
_aGCL / _cGCL |
||
| 082 | 0 | 4 |
_a861 _bU V |
| 100 | 1 | _aULLAN, JOSE-MIGUEL | |
| 245 | 1 | 0 |
_aVISTO Y NO VISTO / _cULLAN, JOSE-MIGUEL |
| 260 |
_a[S.N] : _bAVE DEL PARAISO ، _c1993 |
||
| 300 | _a181 | ||
| 650 | 0 | 4 | _aLITERATURE |
| 650 | 0 | 4 | _aPOETRY |
| 650 | 0 | 4 | _aSPANISH LITERATURE |
| 650 | 0 | 4 | _aSPANISH POETRY |
| 942 |
_2ddc _cBK |
||
| 999 |
_c12788 _d12788 |
||